Регионална библиотека "Любен Каравелов" - Русе

Тайните на Стефи (Запис номер 331752)

MARC детайли
000 -Лидер
Контролно поле с фиксирана дължина 01226nam a2200253 a 4500
003 - Код на организацията, давaща контролен номер
Контролно поле BLK
005 - Дата и час на последна редакция
Контролно поле 20231009133108.0
008 - Елементи от данни с фиксирана дължина
fixed length control field 190619b bu ||||| |||| 00| 0 bu d
020 ## - Международен стандартен номер на книга ISBN
Международен стандартен номер на книга ISBN 9789542722502
040 ## - Източник на каталожния запис
Идентификатор на билиотеката - собственик на записа BLK
041 ## - Код за език
Код за езика на текст/звукозапис или на отделно заглавие Български
Код за езика КДБФ Български
080 ## - УДК
Текстов определител УДК Социално поведение. Девиантно поведение. Социална патология. Активност и пасивност, конвенционално поведение, мотивация, потребности, стремежи
УДК код - определител по УДК 316.62
УДК - код + определител 316.62-055.25
УДК определител -055.25
080 ## - УДК
Текстов определител УДК Морал и общество. Човешки отношения. Уважение. Независимост. Вж и 395
УДК код - определител по УДК 177
УДК - код + определител 177-055.25
УДК определител -055.25
100 ## - Редна дума - Автор
Автор Петкова, Стефани
Авторска отговорност първи автор
R(LIN) 1299
139 ## - Редно поле
Редна дума Петкова, Стефани
Авторски знак Петко - П 44
245 ## - Сведения за заглавието
Заглавие Тайните на Стефи
Редно поле (дума) Стефани Петкова
260 ## - Област на издателските данни
9 (RLIN) 209434
Място на издаване, разпространение и проч. София
Име на издателя, разпространителя и проч. Егмонт България
Година на издаване 2018
300 ## - Физическа характеристика
Страници 120 с.
Илюстрации и др. с цв. ил., портр., 2 л. цв. лепенки
Размери/Мащаб 25 см
380 ## - Жанр
Жанр Детска отраслова лит.
852 ## - Местоположение
Форматна сигнатура Цб 295176
999 ## - СИСТЕМНИ КОНТРОЛНИ НОМЕРА
Koha biblionumber 331752
Koha biblioitemnumber 331752
942 ## - АРТИКУЛИ
Вид на библиотечния материал Книги
Скрит в OPAC Не
Периодичен библиозапис Да
Koha issues (borrowed), all copies 31
944 ## - СЪЗДАВАНЕ И РЕДАКЦИЯ на ЗАПИСА
Създаване/Редакция Създаване
Служител, извършил регистрацията/редакцията 30551
Статус, дата на статуса Бояна Костадинова
999 ## - СИСТЕМНИ КОНТРОЛНИ НОМЕРА
Koha biblioitemnumber 331752
Наличности
Код за отписване Код за изгубен артикул Източник на класификационната схема Код за повреда Коз за рестрикции Код за отдаване Артикулен № Име на библиотеката - собственик Име на библиотеката, в която се намира в момента Статус (Текущо местоположение) Дата на вписване в системата Местоположение - отдел Цена в лева Систематично азбучна сигнатура Баркод Цена в евро Служебен тип на артикула
  Не е изгубен Universal Decimal Classification Не е повреден само за читалня ползва се в читалня 724447 Регионална библиотека "Любен Каравелов" Русе Регионална библиотека "Любен Каравелов" Русе Хранилище 2019-06-26 Хранилище 14.90 Цб 295176 120000832577 7.62 Книги
  Не е изгубен Universal Decimal Classification Не е повреден без рестрикции заемане за дома 750350 Регионална библиотека "Любен Каравелов" Русе Регионална библиотека "Любен Каравелов" Русе Детски отдел 2019-12-03 Детски отдел 10.88 ДН 9/П 44 120000839235 5.56 Книги
  Не е изгубен Universal Decimal Classification Не е повреден без рестрикции заемане за дома 750351 Регионална библиотека "Любен Каравелов" Русе Регионална библиотека "Любен Каравелов" Русе Детски отдел 2019-12-03 Детски отдел 10.88 ДН 9/П 44 120000839234 5.56 Книги
  Не е изгубен Universal Decimal Classification Не е повреден без рестрикции заемане за дома 750352 Регионална библиотека "Любен Каравелов" Русе Регионална библиотека "Любен Каравелов" Русе Детски отдел 2019-12-03 Детски отдел 10.88 ДН 9/П 44 120000839233 5.56 Книги
Vip Innovations Ltd, Rousse, Bulgaria 2025